00710nam a22002057a 450000500170000001000140001702000250003103500130005603700130006908200110008210000250009324500620011825000110018026000380019127000780022930000210030794200250032899900170035395201340037020100811103457.0 aENG-99630 a9788186689134c50.00 aEN-83162 bDBAD/PUB a709.54 aThenmozhi, M.911447 aArt and architecture of medieval india /cby M. Thenmozhi a2nd ed aChennaibShantha Publishersc2008 aMuthu Vizha Iiiam, 13/5, Sripuram II Street, Royapettah,bChennaie600014 a79p.c21cm (pbk) 2ddccENh709.54mTHE c40825d40825 001040718NFICaDBADbDBADd2010-08-11eDBAD/PUBg50.00l0o709.54 THEpEN-83162r2010-08-11 00:00:00t1v50.00w2010-08-11yEN